000 00482nam a2200157Ia 4500
008 240729s9999 xx 000 0 und d
022 _a2005-0720
245 0 _aClinical and Experimental Otorhinolaryngology
260 _aKorea, Republic of
260 _bKorean Society of Otorhinolaryngology-Head and Neck Surgery
650 _a Otorhinolaryngology
650 _aMedicine
856 _uhttps://doaj.org/toc/47d65276c3e44b47a1455269dd5a516d
942 _2ddc
942 _cDOAJEJ
999 _c68016
_d68016
945 _a1
_bMadushi Gamage
_c1
_dMadushi Gamage